|
|
|
|
| LEADER |
00000nam a2200000 a 4500 |
| 001 |
vtls001466949 |
| 003 |
SK-MaSNL |
| 005 |
20260301203515.0 |
| 008 |
251113s2003 xo a g slo |
| 015 |
|
|
|a SNBA2004/03-02718
|
| 020 |
|
|
|a 8070907053
|
| 035 |
|
|
|a SNK000422254
|
| 035 |
|
|
|a urn:nbn:sk:snk-amyf96
|
| 035 |
|
|
|a urn:nbn:sk:snk-am00ce69
|
| 035 |
|
|
|a 5277F618-CD44-4397-A77E-9201E8B1594F
|
| 040 |
|
|
|a SNK
|b slo
|c SNK
|e AACR2
|
| 041 |
0 |
|
|a slo
|
| 043 |
|
|
|a e-xo---
|
| 044 |
|
|
|a xo
|c SK
|
| 072 |
|
7 |
|a 77
|2 konspekt
|
| 072 |
|
7 |
|a 929
|2 konspekt
|
| 080 |
|
|
|a 77-051(084.12)
|2 2. slo
|
| 080 |
|
|
|a 929 Martinček, Martin
|2 2. slo
|
| 080 |
|
|
|a 929
|2 1981
|
| 080 |
|
|
|a 77-051
|2 1981
|
| 080 |
|
|
|a 77.04
|2 1981
|
| 080 |
|
|
|a (084.12)
|2 1981
|
| 100 |
1 |
|
|a Pauer, Marián,
|d 1945-
|4 aut
|9 92776
|
| 245 |
1 |
0 |
|a Martin Martinček
|c Marián Pauer
|
| 250 |
|
|
|a [1. vyd.]
|
| 260 |
|
|
|a Martin
|b Matica slovenská
|a Wauconda, IL
|b Bolchazy - Carducci
|c 2003
|
| 300 |
|
|
|a 153 s.
|b fotogr.
|c 29 cm
|
| 490 |
1 |
|
|a Knižnica Matice slovenskej. Séria obrazových publikácií ;
|v zv. 3
|
| 500 |
|
|
|a Rozlož. tit. strana
|
| 500 |
|
|
|a Fotogr. na predsádkach
|
| 500 |
|
|
|a Súbež. text angl.
|
| 504 |
|
|
|a Biogr. údaje
|
| 600 |
1 |
|
|a Martinček, Martin,
|d 1913-2004
|2 SNKMA
|9 92454
|
| 650 |
0 |
7 |
|a fotografi
|2 SNK
|9 3159
|
| 650 |
0 |
7 |
|a umelecká fotografia
|2 SNK
|9 29370
|
| 655 |
|
7 |
|a biografie
|2 SNK
|9 27965
|
| 655 |
|
7 |
|a obrazové publikácie
|2 SNK
|9 70343
|
| 655 |
|
7 |
|a fotografické publikácie
|2 SNK
|9 70483
|
| 830 |
|
0 |
|a Knižnica Matice slovenskej. Séria obrazových publikácií
|9 297483
|
| 919 |
|
|
|a 80-7090-705-3
|
| 958 |
|
|
|a BX
|
| 968 |
|
|
|d 73/77
|
| 999 |
|
|
|c 902876
|d 904806
|
| 952 |
|
|
|t P60, <03>, [BOOK], {603}
|a SNK
|b SNK
|y PREZ
|7 0
|p 17A0411785
|o snkSB 67891
|i snkKSP 988/2004
|0 0
|1 0
|4 0
|d 2004-01-27
|f 1
|l 0
|r 2025-04-16 00:00:00
|w 2026-02-24
|
| 952 |
|
|
|t snkMAR 77:929
|a SNKUST
|b SNKUST
|y PREZ
|7 0
|p 17A0411786
|o snkSB 67891 D1
|i snkKSP 989/2004
|0 0
|1 0
|4 0
|d 2004-01-27
|l 0
|r 2025-03-21 00:00:00
|w 2026-02-24
|